000
00164nam a22000857a 4500
082
_a
823
100
_a
DOMINIC RAJ
245
_a
A VARIETY OF MODERN STORIES
942
_c
BK
999
_c
8508
_d
8508